Principios de derecho público económico. Modelo de Estado, gestión pública, regulación económica
Enregistré dans:
| Auteur principal: | |
|---|---|
| Format: | Livre |
| Langue: | espagnol |
| Publié: |
Granada
Comares
2004
|
| Édition: | 3a. ed |
| Sujets: | |
| Tags: |
Ajouter un tag
Pas de tags, Soyez le premier à ajouter un tag!
|
MARC
| LEADER | 00000nam a2200000 a 4500 | ||
|---|---|---|---|
| 001 | UCI1806 | ||
| 003 | CL-VaPUC | ||
| 008 | 070720e20040000SP |||||||||||||||||spa|d | ||
| 020 | |a 8484448096 | ||
| 082 | 0 | 4 | |a 342.04 |b ARI |2 21 |
| 100 | 0 | |a Ariño Ortiz, Gaspar |e author |9 522528 | |
| 245 | 1 | 0 | |a Principios de derecho público económico. Modelo de Estado, gestión pública, regulación económica |
| 250 | |a 3a. ed | ||
| 300 | |a 1089 p | ||
| 942 | |c BK | ||
| 945 | |d 20070720 00:00:00 |a rbrito | ||
| 260 | |a Granada |b Comares |c 2004 | ||
| 650 | 7 | |a DERECHO PUBLICO ECONOMICO |2 CL-VaPUC |9 522529 | |
| 650 | 0 | |a Derecho económico |9 259197 | |
| 650 | 0 | |a Derecho de propiedad |9 256450 | |
| 650 | 0 | |a Estado de derecho |9 257795 | |
| 650 | 0 | |a Derecho privado |9 258243 | |
| 650 | 0 | |a Derecho sucesorio |9 255015 | |
| 650 | 7 | |a PRIVATIZACION |2 CL-VaPUC |9 258145 | |
| 650 | 7 | |a PLANIFICACION ECONOMICA |2 CL-VaPUC |9 321496 | |
| 650 | 7 | |a NACIONALIZACIONES |2 CL-VaPUC |9 522530 | |
| 650 | 7 | |a EMPRESA PUBLICA |2 CL-VaPUC |9 522531 | |
| 650 | 7 | |a LIBERTAD DE EMPRESA |2 CL-VaPUC |9 522532 | |
| 583 | |a last modification |c 20070720 00:00:00 |k Rodrigo Vera | ||
| 999 | |c 326541 |d 326539 | ||
| 952 | |0 0 |1 0 |4 0 |6 342_040000000000000_ARI_2004 |7 0 |8 A |9 408465 |a BIBDER |b BIBDER |d 2019-11-22 |i 4355598 |l 2 |m 3 |o 342.04 ARI 2004 |p 4355598 |r 2023-01-25 |s 2022-03-31 |w 2019-11-22 |y BK |k DER | ||